000 03196cas a2200709 4500
999 _c21236
_d21236
001 11220478
003 OSt
005 20170121101632.0
008 760322c19769999ohuqr p o 0 a0eng c
010 _a 78645264
_zsc 78000379
016 7 _a9877758
_2DNLM
016 7 _aA02730000
_2DNLM
016 7 _aAA00043778
_2JP-ToKJK
022 0 _a0363-7425
_l0363-7425
_21
032 _a305550
_bUSPS
035 _a(OCoLC)ocm02060965
037 _bAcademy of Management, Ohio Northern University, P.O. Box 39, Ada, OH 45810
040 _aCLE
_beng
_cCLE
_dCOO
_dNSD
_dDLC
_dNSD
_dDLC
_dOCL
_dNSD
_dOCL
_dNST
_dOCL
_dNST
_dAIP
_dNSD
_dAIP
_dNST
_dAIP
_dNST
_dOCL
_dNSD
_dAGL
_dNST
_dIUL
_dNLM
_dOCL
_dMYG
_dORZ
_dOCLCQ
_dHNK
_dOCL
_dNLGGC
_dLVB
_dDLC
_dOCLCQ
_dTULIB
_dOCL
_dOCLCF
_dP4I
_dOCLCO
_dFC@
042 _ansdp
_apcc
050 0 0 _aHD28 .A23 2013
070 0 _aHD28.A32
082 0 4 _a658/.005
100 _d2013
110 2 _aAcademy of Management.
210 0 _aAcad. Manage. rev.
222 4 _aThe Academy of Management review
245 1 4 _aThe Academy of Management review.
246 1 3 _aAMR
260 _aAda, Ohio [etc.]
_bAcademy of Management.
_c2013
300 _a709P;
_c24 cm.
_bill;
310 _aQuarterly
362 0 _av. 1- Jan. 1976-
440 _vVolume38
530 _aAlso issued online via the World Wide Web by subscription.
588 _aLatest issue consulted: Vol. 29, no. 2 (Apr. 2004).
590 _aSERBIB/SERLOC merged record
650 0 _aManagement
_vPeriodicals.
650 1 7 _aManagement.
_2gtt
650 6 _aGestion
_vPériodiques.
650 4 _aManagement
_xPeriodicals.
650 7 _aManagement.
_2fast
_0(OCoLC)fst01007141
655 7 _aPeriodicals.
_2fast
_0(OCoLC)fst01411641
655 7 _aElectronic journals.
_2lcgft
710 2 _aAcademy of Management.
_tReview.
776 1 _tAcademy of Management review (Online)
_x1930-3807
_w(DLC) 2001227337
_w(OCoLC)48415494
780 0 3 _tAcademy of management journal
_x0001-4273
_w(DLC) 58003817
_w(OCoLC)1460711
906 _a7
_bcbc
_cserials
_d4
_encip
_f19
_gn-oclcserc
942 _2lcc
_cBOOKS
_hHD28 .A23 2013
_k30607